000
00319nam a22001217a 4500
008
170331b xxu||||| |||| 00| 0 eng d
041
_a
eng
080
_a
617
100
_a
8
101
_a
SHM
245
_a
CURRENT ISSUES OF MAGNETIC RESONANCE IMAGING IN ORTHOPAEDICS AND SPORTS MEDICINE
_c
STOLLER, D.W
942
_2
udc
_c
BK
999
_c
9342
_d
9342